Diseases Of Field Crops (Record no. 298648)
[ view plain ]
| 000 -LEADER | |
|---|---|
| fixed length control field | 00358nam a22001337a 4500 |
| 020 ## - INTERNATIONAL STANDARD BOOK NUMBER | |
| International Standard Book Number | 8176220000 |
| 082 ## - DEWEY DECIMAL CLASSIFICATION NUMBER | |
| Classification number | 581.2 JAM/DI |
| 100 ## - MAIN ENTRY--PERSONAL NAME | |
| Personal name | James G Dickson |
| 245 ## - TITLE STATEMENT | |
| Title | Diseases Of Field Crops |
| 260 ## - PUBLICATION, DISTRIBUTION, ETC. (IMPRINT) | |
| Place of publication, distribution, etc. | Delhi |
| Name of publisher, distributor, etc. | Biotech Books |
| Date of publication, distribution, etc. | 2003 |
| 300 ## - PHYSICAL DESCRIPTION | |
| Extent | 429 |
| 650 ## - SUBJECT ADDED ENTRY--TOPICAL TERM | |
| Topical term or geographic name as entry element | general introduction |
| -- | diseases of cereals and grasses |
| -- | diseases of legumes |
| 942 ## - ADDED ENTRY ELEMENTS (KOHA) | |
| Koha item type | Books (General) |
| Withdrawn status | Lost status | Damaged status | Not for loan | Home library | Current library | Date acquired | Total Checkouts | Full call number | Barcode | Date last seen | Date checked out | Price effective from | Koha item type |
|---|---|---|---|---|---|---|---|---|---|---|---|---|---|
| College of Agriculture, Padannakkad | College of Agriculture, Padannakkad | 06/02/2016 | 1 | 581.2 JAM/DI | KAU_COAP-02166 | 31/07/2023 | 25/11/2022 | 06/02/2016 | Books (General) |
